Statistics for Countries that Host a PDC Darts Pro Event

Click here to take the quiz!

General Stats

  • This quiz has been taken 110 times
  • The average score is 13 of 15

Answer Stats

ContinentAnswer% Correct
EuropeScotland
99%
EuropeEngland
97%
EuropeGermany
97%
EuropeIreland
97%
EuropeNetherlands
97%
EuropeWales
94%
OceaniaAustralia
93%
AsiaChina
92%
N.AmericaUnited States
92%
OceaniaNew Zealand
90%
EuropeBelgium
86%
EuropeAustria
84%
EuropeNorthern Ireland
78%
EuropeGibraltar
40%
AsiaUnited Arab Emirates
33%

Score Distribution

Percentile by Number Answered

Percent of People with Each Score

Your Score History

You have not taken this quiz